Philosophy of the human person / (Record no. 117732)
[ view plain ]
| 000 -LEADER | |
|---|---|
| fixed length control field | 00517nam a2200169Ia 4500 |
| 008 - FIXED-LENGTH DATA ELEMENTS--GENERAL INFORMATION | |
| fixed length control field | 140529s9999 xx 000 0 und d |
| 020 ## - INTERNATIONAL STANDARD BOOK NUMBER | |
| International Standard Book Number | 9789715849241 |
| 050 ## - LIBRARY OF CONGRESS CALL NUMBER | |
| Classification number | B 72 |
| Item number | .Si57 2011 |
| 100 ## - MAIN ENTRY--PERSONAL NAME | |
| Personal name | Siringan, Hector S. |
| 245 ## - TITLE STATEMENT | |
| Title | Philosophy of the human person / |
| Statement of responsibility, etc | Hector S. Siringin |
| 260 ## - PUBLICATION, DISTRIBUTION, ETC. (IMPRINT) | |
| Place of publication, distribution, etc | Quezon City, Philippines : |
| Name of publisher, distributor, etc | C & E Publishing, |
| Date of publication, distribution, etc | c2011. |
| 300 ## - PHYSICAL DESCRIPTION | |
| Extent | 271 p. ; |
| Dimensions | 22 cm. |
| 500 ## - GENERAL NOTE | |
| General note | Includes bibliographical references and index. |
| 521 ## - TARGET AUDIENCE NOTE | |
| Target audience note | |
| 942 ## - ADDED ENTRY ELEMENTS (KOHA) | |
| Call number prefix | Local |
| Koha item type | Books |
| Withdrawn status | Lost status | Damaged status | Home library | Current library | Shelving location | Date acquired | Total Checkouts | Full call number | Barcode | Date last seen | Price effective from | Koha item type | Source of classification or shelving scheme | Source of acquisition | Sub Shelving location | Total Renewals | Date checked out |
|---|---|---|---|---|---|---|---|---|---|---|---|---|---|---|---|---|---|
| College Library | College Library | Filipiniana Section | 05/30/2014 | B 72 .Si57 2011 | C16747 | 05/08/2018 | 05/30/2014 | Books | |||||||||
| College Library | College Library | Filipiniana Section | 06/16/2016 | 2 | B 72 .Si57 2011 | C20590 | 05/08/2018 | 06/16/2016 | Books | Library of Congress Classification | Donation | 10 | 08/04/2017 |